000 00960nam a22002897a 4500
999 _c65577
_d65577
005 20240530110832.0
008 190903s1976 ua a g b 000 0 ara d
017 _bمصر. دار الكتب
_a1976/2897
040 _aEG-CaGPL
_cEG-CaGPL
082 0 4 _221
_a808.83 \
_bع أ
100 0 _aعصام الدين حفنى ناصف
245 1 2 _aالاسطورة والوعى :
_bقابيل وهابيل : ابراهيم : لوط : يوسف : داود /
_cتأليف عصام الدين حفنى ناصف
250 _aط.1
260 _aالقاهرة :
_c1976 .
300 _a188 ص. ؛
_c20 سم.
504 _aيشتمل على ارجاعات ببليوجرافية
600 0 _aقابيل
600 0 _aداود
600 0 _aيوسف
600 0 _aلوط
600 0 _aابراهيم
600 0 _aهابيل
650 0 7 _2القصص الدينية
651 _2qrmak
942 _2ddc
_cBK